• 首页
  • 本馆介绍
  • 公告通知
  • 最新文献
  • 馆藏检索
  • 电子资源
  • 读者导购
  • 参考咨询
  • 我的图书馆
  • 登录
  • 详细信息显示
  • 放入我的书架
  • 预约/预借图书
  • 作者相关作品
  • 分类相关作品
  • 丛书相关作品
  • 出版社相关作品

书目信息

  • 表格格式
  • 工作单格式
  • 卡片格式
题名:
冶金行业固体废物的回收与再利用
    
 
作者: 胡桂渊 著
分册:  
出版信息: 西安   西北工业大学出版社  2020.06
页数: 185页
开本: 24cm
丛书名:
单 册:
中图分类: X756.5
科图分类:
主题词: 冶金工业--ye jin gong ye--固体废物处理 , 冶金工业--ye jin gong ye--固体废物利用
电子资源:
ISBN: 978-7-5612-6730-1
000 01033nam0 2200241 450
001 0106081907
005 20201106082047.0
010    @a978-7-5612-6730-1@dCNY56.00
100    @a20200814d2020 em y0chiy50 ea
101 0  @achi
102    @aCN@b610000
105    @aa z 000yy
106    @ar
200 1  @a冶金行业固体废物的回收与再利用@Aye jin hang ye gu ti fei wu de hui shou yu zai li yong@f胡桂渊著
210    @a西安@c西北工业大学出版社@d2020.06
215    @a185页@c图@d24cm
330    @a本书针对冶金过程中产生的大量的冶金固废,限于处理技术的落后并没有得到及时有效的回收处理等特点进行了分析与解决,是一部冶金工业及环境工程方面的实用技术图书。全书共分5章,分别介绍了冶炼废渣再生利用原理、烧结焦化废物再生利用技术、炼铁废渣再生利用技术、含铁尘泥再生利用技术和高炉渣制备多孔吸声材料技术。
606 0  @a冶金工业@Aye jin gong ye@x固体废物处理
606 0  @a冶金工业@Aye jin gong ye@x固体废物利用
690    @aX756.5@v5
701  0 @a胡桂渊@Ahu gui yuan@4著
801  0 @aCN@bBJSZM@c20201106
905    @b1194096-9@dX756.5@e326@f4
    
    冶金行业固体废物的回收与再利用/胡桂渊著.-西安:西北工业大学出版社,2020.06
    185页:图;24cm
    
    
    ISBN 978-7-5612-6730-1:CNY56.00
    本书针对冶金过程中产生的大量的冶金固废,限于处理技术的落后并没有得到及时有效的回收处理等特点进行了分析与解决,是一部冶金工业及环境工程方面的实用技术图书。全书共分5章,分别介绍了冶炼废渣再生利用原理、烧结焦化废物再生利用技术、炼铁废渣再生利用技术、含铁尘泥再生利用技术和高炉渣制备多孔吸声材料技术。
●
相关链接 在E读中查询图书 在五车中查询图书 在当当中查询图书 在豆瓣中查询图书


正题名:冶金行业固体废物的回收与再利用     索取号:X756.5/326         预约/预借

序号 登录号 条形码 馆藏地/架位号 状态 备注
1 1194096   211940961   第二样本阅览室/ [索取号:X756.5/326] 在馆    
2 1194097   211940970   第三借阅区/ [索取号:X756.5/326] 在馆    
3 1194098   211940989   第三借阅区/ [索取号:X756.5/326] 在馆    
4 1194099   211940998   第三借阅区/ [索取号:X756.5/326] 在馆    
唐山师范学院图书馆 欢迎您!
大连网信软件有限公司© 版权所有